000 00661nam a2200229Ia 4500
003 OSt
005 20220923225832.0
006 a|||||r|||| 00| 0
007 ta
008 Pun
024 _a275,143
037 _cTextual
040 _aARTS
_cARTS
_bPun
041 _2Pun
_aPun
082 _aO153,1M72:g, L5
100 _aਸਿੰਘ, ਮਨਮੋਹਨ
_9156291
245 0 _aਭਾਈ ਵੀਰ ਸਿੰਘ ਕਾਵਿ ਦਾ ਦਾਰFਨਿਕ ਵਿFਲੇFਣ
260 _c1975
650 _aਪੰਜਾਬੀ ਸਾਹਿਤ
942 _hO153,1M72:g, L5
_cTEXL
_2CC
999 _c380731
_d380731